The adventures of the wishing-chair

Bibliographic Details
Main Author: Blyton, Enid
Format: Book
Published: London : Egmont , 2012
Subjects:

MARC

LEADER 00000cam a2200000 7i4500
001 0000056594
005 20151222.0
008 151210
020 |a 9780603568169 
090 0 0 |a AD   |b ENG 
100 1 |a Blyton, Enid 
245 1 4 |a The adventures of the wishing-chair   |c Enid Blyton 
260 |a London :   |b Egmont ,   |c 2012 
300 |a 185pg ;   |c 19.7cm. 
500 |a Children ages 10-12 years old (pink) 
650 0 |a Adventures   |x English   |x Languages 
999 |a 0001375472   |b Book   |c Children Collection   |e Cawangan Urban Transformation Centre 
999 |a 0001375473   |b Book   |c Children Collection   |e Cawangan AEON Kulaijaya 
999 |a 0001375656   |b Book   |c Children Collection   |e Cawangan Tmn. Ungku Tun Aminah 
999 |a 0001375657   |b Book   |c Children Collection   |e Cawangan Sri Merlong 
999 |a 0001375658   |b Book   |c Children Collection   |e Cawangan Segamat 
999 |a 0001375659   |b Book   |c Children Collection   |e Cawangan Pontian 
999 |a 0001375660   |b Book   |c Children Collection   |e Cawangan Batu Pahat 
999 |a 0001375661   |b Book   |c Children Collection   |e Cawangan Bukit Gambir 
999 |a 0001375662   |b Book   |c Children Collection   |e Cawangan Taman Universiti 
999 |a 0001375663   |b Book   |c Teenagers   |e Cawangan Bandar Tenggara 
999 |a 0001375665   |b Book   |c Children Collection   |e Cawangan Bandar Penawar 
999 |a 0001375666   |b Book   |c Children Collection   |e Cawangan Kota Tinggi 
999 |a 0001375667   |b Book   |c Children Collection   |e Cawangan Tangkak 
999 |a 0001375669   |b Book   |c Children Collection   |e Cawangan Mersing